000 01603nam a22004697a 4500
003 OSt
005 20230525084700.0
008 221006b |||||||| |||| 00| 0 eng d
040 _cBiblioteca Lado V
082 _a700
_bA786l
110 _9830
_aARTEDER
_eEditor
245 _aLAPIZ/
_bRevista Mensual de Arte/
260 _bFeria internacional de Bilbao
_c2001
_aEspaña
300 _c22x29cm
_a204p.
366 _espa
490 _a169-170
_vXX
505 _aCuradoria y Bienales
505 _aTecnologías y Terminologías
505 _aArte, Materia y Virtualidad
505 _aVersiones del sur
505 _aCinco horas con pazos
505 _aEl tiempo de Africa
505 _aMontserrat Soto
505 _aLa imagen digital y sus estéticas
505 _aArte Publico
505 _aCerrar la Brecha
505 _aHistorias del arte reciente británico
505 _aUn Juego Mercantil
505 _aActualidad
505 _aCronicas de Exposiciones
505 _aPublicaciones
650 _2Tesauro de Arte & Arquitectura
_aARTE
_9703
650 _2Tesauro de Arte & Arquitectura
_aARQUITECTURA
650 _2Tesauro de Arte & Arquitectura
_aFOTOGRAFIA
_9702
650 _2Tesauro de Arte & Arquitectura
_aENTREVISTAS
650 _2Tesauro de Arte & Arquitectura
_aARQUEOLOGIA
650 _2Tesauro de Arte & Arquitectura
_aREPORTAJES
650 _2Tesauro de Arte & Arquitectura
_aLIBROS
650 _2Tesauro de Arte & Arquitectura
_aNOTICIAS
651 _2Tesauro de Arte & Arquitectura
_aSUBASTAS
942 _2ddc
_c1
_h700
_iA786l
_n0
999 _c3725
_d3725